000 00341nam a2200145Ia 4500
008 230917s9999||||xx |||||||||||||| ||und||
040 _e52931
_aMAIN
041 _aEnglish
082 _a954.5 H213M
100 _aHarbans Singh
245 0 _aMaharaja Ranjit Singh
260 _aNew Delhi
_bSterling
_c1980
300 _a86 p.
942 _cBK
999 _c216435
_d216435